000
00245nam a2200109Ia 4500
008
190216s9999||||xx |||||||||||||| ||und||
100
_a
M T Vasudevan Nair
245
0
_a
Dar S Salam
260
_b
Current Books
650
_a
Kathakal
942
_c
BK
999
_c
25947
_d
25947